Mistrzowie NBA - Statystyki

Ogólne statystyki
  • Ten quiz został rozwiązany 2 292 razy
  • Średni wynik to 60 z 73
Statystyki odpowiedzi
ROK KLUB % Poprawnych
1949 Los Angeles Lakers
97%
1950 Los Angeles Lakers
97%
1952 Los Angeles Lakers
97%
1953 Los Angeles Lakers
97%
1954 Los Angeles Lakers
97%
1972 Los Angeles Lakers
97%
1980 Los Angeles Lakers
97%
1982 Los Angeles Lakers
97%
1985 Los Angeles Lakers
97%
1987 Los Angeles Lakers
97%
1988 Los Angeles Lakers
97%
2000 Los Angeles lakers
97%
2001 Los Angeles Lakers
97%
2002 Los Angeles Lakers
97%
2009 Los Angeles Lakers
97%
2010 Los Angeles Lakers
97%
1957 Boston Celtics
93%
1959 Boston Celtics
93%
1960 Boston Celtics
93%
1961 Boston Celtics
93%
1962 Boston Celtics
93%
1963 Boston Celtics
93%
1964 Boston Celtics
93%
1965 Boston Celtics
93%
1966 Boston Celtics
93%
1968 Boston Celtics
93%
1969 Boston Celtics
93%
1974 Boston Celtics
93%
1976 Boston Celtics
93%
1981 Boston Celtics
93%
1984 Boston Celtics
93%
1986 Boston Celtics
93%
2008 Boston Celtics
93%
1991 Chicago Bulls
91%
1992 Chicago Bulls
91%
1993 Chicago Bulls
91%
1996 Chicago Bulls
91%
1997 Chicago Bulls
91%
1998 Chicago Bulls
91%
1947 Golden State Warriors
91%
1956 Golden State Warriors
91%
1975 Golden State Warriors
91%
2015 Golden State Warriors
91%
2017 Golden State Warriors
91%
2018 Golden State Warriors
91%
2006 Miami Heat
85%
2012 Miami Heat
85%
2013 Miami Heat
85%
1999 San Antonio Spurs
83%
2003 San Antonio Spurs
83%
2005 San Antonio Spurs
83%
2007 San Antonio Spurs
83%
2014 San Antonio Spurs
83%
2019 Toronto Raptors
80%
2011 Dallas Mavericks
71%
1989 Detroit Pistons
71%
1990 Detroit Pistons
71%
2004 Detroit Pistons
71%
1994 Houston Rockets
67%
1995 Houston Rockets
67%
1955 Philadelphia 76ers
57%
1967 Philadelphia 76ers
57%
1983 Philadelphia 76ers
57%
1971 Milwaukee Bucks
56%
1970 New York Knicks
56%
1973 New York Knicks
56%
1958 Atlanta Hawks
44%
1978 Washington Wizards
42%
2016 Clevland Cavaliers
39%
1951 Sacramento Kings
37%
1977 Portland Trail Blazers
35%
1979 Seattle SuperSonics
29%
1948 Baltimore Bullets
9%
Nie znaleziono quizów pasujących do podanych kryteriów
Rozkład punktacji
Procent ludzi z każdym wynikiem
Percentyl według liczby udzielonych odpowiedzi
Twoja historia wyników
Nie rozwiązałeś tego quizu